[Event "G5-1 2012"]
[Site "Helsingor"]
[Date "2012.04.05"]
[Round "1"]
[White "Thybo, Jesper Sondergaard"]
[Black "Johansen, Johnny Holler"]
[Result "1/2-1/2"]
[WhiteElo "2029"]
[BlackElo "1896"]
[PlyCount "73"]
[EventDate "2012.??.??"]
[EventCountry "DEN"]
[SourceDate "2014.05.18"]

1. e4 c5 2. Nf3 Nc6 3. d4 cxd4 4. Nxd4 e5 5. Nb5 a6 6. Nd6+ Bxd6 7. Qxd6 Qf6 8.
Qd1 Qg6 9. Nc3 Nge7 10. Be3 O-O 11. h4 d5 12. h5 Qd6 13. exd5 Nb4 14. h6 Bf5
15. Rc1 Rfd8 16. hxg7 Nbxd5 17. Nxd5 Qxd5 18. Qxd5 Nxd5 19. Bg5 Rd7 20. c3 Kxg7
21. Be2 Re8 22. O-O Nf4 23. Bxf4 exf4 24. Bf3 Rd2 25. Bxb7 Rxb2 26. Bxa6 Rxa2
27. Bb5 Rd8 28. Rfd1 Rxd1+ 29. Rxd1 Rc2 30. c4 Kf6 31. Rd4 Rc1+ 32. Kh2 Ke5 33.
Rd5+ Kf6 34. Rc5 Be6 35. Rc7 Ke5 36. Rc5+ Kf6 37. Rc7 1/2-1/2

[Event "G5-1 2012"]
[Site "Helsingor"]
[Date "2012.04.05"]
[Round "1"]
[White "Knudsen, Joachim Holm"]
[Black "Meldgaard, Frode"]
[Result "1-0"]
[WhiteElo "1876"]
[BlackElo "1961"]
[PlyCount "71"]
[EventDate "2012.??.??"]
[EventCountry "DEN"]
[SourceDate "2014.05.18"]

1. d4 d6 2. c4 Nd7 3. Nc3 e5 4. d5 Ngf6 5. g3 Be7 6. Bg2 O-O 7. Nf3 h6 8. O-O
Nh7 9. Bd2 f5 10. b4 Ndf6 11. Qb3 Nh5 12. Rfc1 f4 13. c5 Kh8 14. cxd6 cxd6 15.
a4 Ng5 16. Nb5 Nh3+ 17. Kf1 e4 18. Rxc8 Rxc8 19. Bxh3 fxg3 20. hxg3 exf3 21.
exf3 Rb8 22. Nxa7 Qe8 23. Nb5 Qf7 24. f4 Nf6 25. Be6 Qh5 26. Kg2 Ne4 27. Be3
Qg6 28. Nd4 Rf6 29. f5 Qg4 30. Bf4 Ng5 31. Bxg5 Qxg5 32. Rh1 Rbf8 33. f4 Qg4
34. Rh4 h5 35. Rxg4 hxg4 36. Qd1 1-0

[Event "G5-1 2012"]
[Site "Helsingor"]
[Date "2012.04.05"]
[Round "1"]
[White "Svendsen, Peter Willer"]
[Black "Kokholm, Daniel"]
[Result "1-0"]
[WhiteElo "1945"]
[BlackElo "1864"]
[PlyCount "83"]
[EventDate "2012.??.??"]
[EventCountry "DEN"]
[SourceDate "2014.05.18"]

1. d4 Nc6 2. Nf3 d5 3. g3 Bg4 4. Bg2 Qd7 5. O-O O-O-O 6. Re1 f6 7. c3 g5 8.
Nbd2 Bh3 9. Bh1 h5 10. e4 dxe4 11. Nxe4 e6 12. b4 Re8 13. Qa4 Kb8 14. Be3 Ne5
15. b5 Nxf3+ 16. Bxf3 Bf5 17. Nc5 Bxc5 18. dxc5 Qc8 19. b6 cxb6 20. c6 Ne7 21.
cxb7 Qc7 22. c4 e5 23. c5 b5 24. Qxb5 e4 25. Bg2 Nc6 26. Rab1 Bd7 27. Qa6 Qa5
28. Qc4 h4 29. Qf7 Qd8 30. Red1 Ne5 31. Qd5 Bc6 32. Qd6+ Qxd6 33. Rxd6 Rd8 34.
Rxf6 hxg3 35. hxg3 Rhg8 36. Re6 Rde8 37. Rxe8+ Bxe8 38. Bxe4 Bg6 39. Rb4 Bxe4
40. Rxe4 Nc6 41. Rg4 Ne5 42. Bf4 1-0

[Event "G5-1 2012"]
[Site "Helsingor"]
[Date "2012.04.05"]
[Round "1"]
[White "Rasmussen, Morten Fredsgaard"]
[Black "Dreisler, Tobias"]
[Result "1-0"]
[WhiteElo "1864"]
[BlackElo "1760"]
[PlyCount "71"]
[EventDate "2012.??.??"]
[EventCountry "DEN"]
[SourceDate "2014.05.18"]

1. d4 d5 2. Nf3 Nf6 3. Bf4 c5 4. c3 Nc6 5. e3 Qb6 6. Qb3 c4 7. Qxb6 axb6 8.
Nbd2 b5 9. a3 b4 10. cxb4 Nxb4 11. Rc1 Nc6 12. e4 dxe4 13. Ng5 b5 14. b3 Nxd4
15. bxc4 Bb7 16. cxb5 h6 17. Be5 hxg5 18. Bxd4 Rxa3 19. b6 Nd5 20. Nxe4 Nf4 21.
Bb5+ Kd8 22. Nxg5 e5 23. Nxf7+ Ke7 24. Rc7+ Ke6 25. Bc4+ Kf5 26. Nxh8 Bxg2 27.
Bb2 Bb4+ 28. Kd1 Bf3+ 29. Kc1 Bxh1 30. Rf7+ Ke4 31. Bxa3 Bxa3+ 32. Kc2 Kd4 33.
Kb3 Bd6 34. Rd7 Kc5 35. b7 Ne2 36. Bxe2 1-0

[Event "G5-1 2012"]
[Site "Helsingor"]
[Date "2012.04.05"]
[Round "1"]
[White "Olesen, Michael J"]
[Black "Schmidt, Niels Kim"]
[Result "0-1"]
[WhiteElo "1931"]
[BlackElo "1824"]
[PlyCount "68"]
[EventDate "2012.??.??"]
[EventCountry "DEN"]
[SourceDate "2014.05.18"]

1. Nf3 Nf6 2. g3 g6 3. Bg2 Bg7 4. O-O O-O 5. d4 d5 6. c4 c6 7. cxd5 cxd5 8. Nc3
Nc6 9. Ne5 e6 10. e3 Nd7 11. f4 f6 12. Nxc6 bxc6 13. Na4 Re8 14. Qc2 Bb7 15. g4
e5 16. f5 e4 17. Bd2 g5 18. Rf2 Bf8 19. Rc1 Rc8 20. Nc5 Bxc5 21. dxc5 Ne5 22.
Qb3 Rb8 23. Rff1 Ba6 24. Qa3 Bxf1 25. Rxf1 Nc4 26. Qc3 Rxb2 27. Be1 Kg7 28. h4
h6 29. hxg5 hxg5 30. Bg3 Qa5 31. Qxa5 Nxa5 32. Ra1 Nc4 33. Bf2 Reb8 34. Rc1 Rb1
0-1

[Event "G5-1 2012"]
[Site "Helsingor"]
[Date "2012.04.05"]
[Round "1"]
[White "Hansen, Rasmus Agertoft"]
[Black "Hove, Svend Kjems"]
[Result "0-1"]
[WhiteElo "1810"]
[BlackElo "1931"]
[PlyCount "58"]
[EventDate "2012.??.??"]
[EventCountry "DEN"]
[SourceDate "2014.05.18"]

1. e4 d5 2. d4 dxe4 3. Nc3 Bf5 4. f3 exf3 5. Qxf3 Qc8 6. Bc4 e6 7. Bb3 Nf6 8.
h3 h6 9. g4 Bg6 10. Nge2 Nc6 11. Bf4 Bb4 12. O-O-O Qd7 13. d5 exd5 14. Nxd5
Nxd5 15. Rxd5 Qe7 16. Ng3 O-O 17. g5 Rad8 18. gxh6 Nd4 19. Rxd4 Rxd4 20. c3 Rd3
21. Qg4 Qf6 22. Be5 Qxe5 23. Qxg6 Rxg3 24. Bxf7+ Kh8 25. hxg7+ Qxg7 26. Qh5+
Qh7 27. Qe5+ Rg7 28. cxb4 Qh6+ 29. Kd1 Rfxf7 0-1

[Event "G5-1 2012"]
[Site "Helsingor"]
[Date "2012.04.05"]
[Round "1"]
[White "Kamstrup, Flemming"]
[Black "Petersen, Tom"]
[Result "1/2-1/2"]
[WhiteElo "1912"]
[BlackElo "1797"]
[PlyCount "172"]
[EventDate "2012.??.??"]
[EventCountry "DEN"]
[SourceDate "2014.05.18"]

1. e4 e6 2. d4 d5 3. e5 c5 4. c3 Nc6 5. f4 cxd4 6. cxd4 Nge7 7. Nf3 Nf5 8. Nc3
Be7 9. Be2 a6 10. a4 Qb6 11. a5 Nxa5 12. g4 Nh4 13. Kf2 Nxf3 14. Kxf3 Bd7 15.
Be3 Nc6 16. Qd3 Nb4 17. Qd2 f6 18. Rhf1 O-O 19. Kg3 fxe5 20. fxe5 Rxf1 21. Bxf1
Rf8 22. h4 Nc6 23. Be2 Qc7 24. Rc1 Qd8 25. g5 Bb4 26. Bd3 Ne7 27. Qc2 Nf5+ 28.
Bxf5 Rxf5 29. Ne2 Bc6 30. Nf4 Qe7 31. Qe2 g6 32. Qg4 Ba5 33. Nd3 Bb6 34. Bd2
Qf7 35. Bb4 Bxd4 36. Qxd4 Rf3+ 37. Kg2 Qf5 38. Nf2 Rf4 39. Rxc6 Rxd4 40. Rc8+
Kg7 41. Rc7+ Qf7 42. Rxf7+ Kxf7 43. Bd6 Rxh4 44. Kg3 Rd4 45. b4 Kg7 46. Ng4
Rd3+ 47. Kf2 Rc3 48. Bc5 a5 49. Nf6 a4 50. Ne8+ Kg8 51. Nd6 a3 52. Nxb7 a2 53.
Bd4 Rc1 54. Nd8 a1=Q 55. Bxa1 Rxa1 56. Nxe6 Rb1 57. Nc7 Rxb4 58. Nxd5 Rb8 59.
Nf6+ Kf7 60. Ng4 Ke6 61. Kg3 Kf5 62. Nh6+ Kxg5 63. Nf7+ Kh5 64. e6 Rb7 65. Kf4
g5+ 66. Kf5 g4 67. Ne5 g3 68. Nf3 Rg7 69. Kf4 g2 70. Ng1 Kh4 71. Kf3 Re7 72.
Kxg2 Rxe6 73. Nf3+ Kg4 74. Nh2+ Kf4 75. Kh3 Rh6+ 76. Kg2 Rh4 77. Kg1 Kg3 78.
Nf1+ Kf3 79. Nh2+ Kg3 80. Nf1+ Kh3 81. Ne3 Ra4 82. Nf1 Ra1 83. Kf2 Rxf1+ 84.
Kxf1 Kh2 85. Kf2 h5 86. Kf1 h4 1/2-1/2

[Event "G5-1 2012"]
[Site "Helsingor"]
[Date "2012.04.06"]
[Round "2"]
[White "Petersen, Tom"]
[Black "Thybo, Jesper Sondergaard"]
[Result "0-1"]
[WhiteElo "1797"]
[BlackElo "2029"]
[PlyCount "62"]
[EventDate "2012.??.??"]
[EventCountry "DEN"]
[SourceDate "2014.05.18"]

1. d4 Nf6 2. Nf3 d5 3. Bf4 c5 4. e3 Nc6 5. c3 Qb6 6. Qb3 c4 7. Qd1 Qxb2 8. Nbd2
Qxc3 9. Be2 Bf5 10. O-O h6 11. Ne5 Rc8 12. Bf3 e6 13. Re1 Bb4 14. Nf1 Qxe1 15.
Qxe1 Bxe1 16. Rxe1 Ke7 17. h3 Nxe5 18. Bxe5 Rc6 19. Bxf6+ gxf6 20. e4 Bxe4 21.
Bxe4 dxe4 22. Rxe4 Rd8 23. Ne3 c3 24. Nc2 Rb6 25. a3 Rb1+ 26. Kh2 b5 27. f4 f5
28. Re5 Rb2 29. Nb4 Rxb4 30. axb4 Rxd4 31. Rxb5 Rc4 0-1

[Event "G5-1 2012"]
[Site "Helsingor"]
[Date "2012.04.06"]
[Round "2"]
[White "Meldgaard, Frode"]
[Black "Kamstrup, Flemming"]
[Result "1/2-1/2"]
[WhiteElo "1961"]
[BlackElo "1912"]
[PlyCount "64"]
[EventDate "2012.??.??"]
[EventCountry "DEN"]
[SourceDate "2014.05.18"]

1. e4 e5 2. Nc3 Nc6 3. Bc4 Bc5 4. Nf3 d6 5. Nd5 Bg4 6. c3 Nf6 7. d3 Nxd5 8.
Bxd5 O-O 9. h3 Bh5 10. g4 Bg6 11. b4 Bb6 12. Bg5 Qd7 13. a4 a6 14. Nh4 Kh8 15.
Nf5 f6 16. Bd2 Bf7 17. a5 Ba7 18. Qa4 Bxd5 19. exd5 Nb8 20. Qxd7 Nxd7 21. Be3
Bxe3 22. fxe3 g6 23. Ng3 f5 24. g5 e4 25. dxe4 fxe4 26. Ke2 Rae8 27. Raf1 Re5
28. Rxf8+ Nxf8 29. h4 Rxd5 30. Rf1 Kg7 31. Nxe4 Nd7 32. Rf4 Rf5 1/2-1/2

[Event "G5-1 2012"]
[Site "Helsingor"]
[Date "2012.06.04"]
[Round "2"]
[White "Schmidt, Niels Kim"]
[Black "Svendsen, Peter Willer"]
[Result "0-1"]
[WhiteElo "1824"]
[BlackElo "1945"]
[PlyCount "80"]
[EventDate "2012.??.??"]
[EventCountry "DEN"]
[SourceDate "2014.05.18"]

1. e4 e5 2. Nf3 Nf6 3. Nc3 d6 4. d4 Nbd7 5. Be2 Be7 6. dxe5 dxe5 7. O-O c6 8.
Bg5 O-O 9. Bxf6 Bxf6 10. h3 Qb6 11. Rb1 Nc5 12. Bc4 Be6 13. Qe2 Rad8 14. b4
Bxc4 15. Qxc4 Ne6 16. b5 Nd4 17. Nxd4 exd4 18. Na4 cxb5 19. Rxb5 Qa6 20. Nc5
Qc6 21. Qa4 a6 22. Ra5 b5 23. Qb4 Be7 24. Rxa6 Qxc5 25. Qb3 Qc4 26. Rb1 d3 27.
cxd3 Rxd3 28. Qxb5 Rd1+ 29. Kh2 Qc7+ 30. g3 Qc2 31. Rxd1 Qxf2+ 32. Kh1 Qf3+ 33.
Kh2 Qxd1 34. Qb7 Qe2+ 35. Kh1 Qf3+ 36. Kh2 Bc5 37. h4 h5 38. Ra8 g6 39. Rxf8+
Bxf8 40. a4 Bd6 0-1

[Event "G5-1 2012"]
[Site "Helsingor"]
[Date "2012.04.06"]
[Round "2"]
[White "Dreisler, Tobias"]
[Black "Olesen, Michael J"]
[Result "1-0"]
[WhiteElo "1760"]
[BlackElo "1931"]
[PlyCount "53"]
[EventDate "2012.??.??"]
[EventCountry "DEN"]
[SourceDate "2014.05.18"]

1. e4 c5 2. Nf3 e6 3. d4 cxd4 4. Nxd4 Nf6 5. Nc3 Nc6 6. Ndb5 d6 7. Bf4 e5 8.
Bg5 a6 9. Na3 b5 10. Bxf6 gxf6 11. Nd5 Be6 12. c3 f5 13. exf5 Bxf5 14. Nc2 Rc8
15. Nce3 Be6 16. Bd3 Qg5 17. O-O f5 18. f4 Qg6 19. fxe5 Nxe5 20. Bxf5 Bxf5 21.
Nxf5 Rg8 22. Ng3 Be7 23. Nf4 Qg5 24. Qd5 Rc6 25. Rae1 Rc4 26. Ne4 Qg4 27. Nxd6+
1-0

[Event "G5-1 2012"]
[Site "Helsingor"]
[Date "2012.04.06"]
[Round "2"]
[White "Hove, Svend Kjems"]
[Black "Knudsen, Joachim Holm"]
[Result "1-0"]
[WhiteElo "1931"]
[BlackElo "1876"]
[PlyCount "71"]
[EventDate "2012.??.??"]
[EventCountry "DEN"]
[SourceDate "2014.05.18"]

1. a3 g6 2. d4 Nf6 3. Bf4 Bg7 4. c4 c5 5. e3 Qb6 6. b4 cxd4 7. exd4 d5 8. c5
Qe6+ 9. Be2 Nc6 10. Nf3 Qg4 11. Qd2 Ne4 12. Qe3 Nxd4 13. Nxd4 Qxg2 14. Rf1 O-O
15. Bh6 Bxh6 16. Qxh6 f6 17. f3 Ng5 18. Nc3 e5 19. Nxd5 Bh3 20. Ne3 Qxh2 21.
Bc4+ Kh8 22. Ne2 e4 23. O-O-O exf3 24. Rd7 Rf7 25. Rfd1 Qb8 26. Rxf7 Nxf7 27.
Qf4 Qxf4 28. Nxf4 Ng5 29. Rh1 Bf5 30. Nxf5 gxf5 31. Bd5 Rb8 32. Ng6+ Kg7 33.
Ne7 f4 34. Nf5+ Kf8 35. Nd6 f2 36. Bxb7 1-0

[Event "G5-1 2012"]
[Site "Helsingor"]
[Date "2012.04.06"]
[Round "2"]
[White "Johansen, Johnny Holler"]
[Black "Rasmussen, Morten Fredsgaard"]
[Result "1-0"]
[WhiteElo "1896"]
[BlackElo "1864"]
[PlyCount "57"]
[EventDate "2012.??.??"]
[EventCountry "DEN"]
[SourceDate "2014.05.18"]

1. e4 c6 2. d4 d5 3. exd5 cxd5 4. c3 Nf6 5. Bd3 Nc6 6. Bf4 e6 7. Nf3 Bd6 8.
Bxd6 Qxd6 9. O-O Rb8 10. a4 a6 11. Qe2 Ne7 12. Nbd2 Ng6 13. g3 Bd7 14. a5 Bc6
15. Rfe1 Nd7 16. Ng5 Ndf8 17. f4 Ne7 18. Qh5 g6 19. Qh6 Rg8 20. Nxh7 Nxh7 21.
Qxh7 Bb5 22. Bxb5+ axb5 23. Nb3 Rf8 24. Nc5 Nc6 25. b4 Ne7 26. Ra2 Qc7 27. Rae2
Kd8 28. Rxe6 fxe6 29. Nxe6+ 1-0

[Event "G5-1 2012"]
[Site "Helsingor"]
[Date "2012.04.06"]
[Round "2"]
[White "Kokholm, Daniel"]
[Black "Hansen, Rasmus Agertoft"]
[Result "1/2-1/2"]
[WhiteElo "1864"]
[BlackElo "1810"]
[PlyCount "82"]
[EventDate "2012.??.??"]
[EventCountry "DEN"]
[SourceDate "2014.05.18"]

1. e4 c5 2. Nc3 Nc6 3. f4 e6 4. Nf3 a6 5. g3 Be7 6. Bg2 h5 7. h3 b5 8. Qe2 Rb8
9. d3 Nd4 10. Qf2 Nxf3+ 11. Bxf3 d6 12. Qe2 g6 13. O-O Bf6 14. Kh1 Bg7 15. Be3
Qc7 16. Qf2 b4 17. Nd1 Ne7 18. e5 Bb7 19. Bxb7 Qxb7+ 20. Qf3 Nf5 21. Kg2 Nxe3+
22. Nxe3 Qxf3+ 23. Rxf3 dxe5 24. fxe5 Bxe5 25. Nc4 Bc7 26. Re1 O-O 27. Nd2 Bd8
28. Re5 Be7 29. Re4 Kg7 30. Nc4 Rb5 31. h4 Rb7 32. Kf1 Rc7 33. Kg2 Re8 34. Kf2
Bf8 35. Rfe3 Rc6 36. Na5 Rb6 37. Nc4 Rb5 38. Kg2 Rb7 39. Re1 Rc7 40. Kf2 Be7
41. Kg2 Bd8 1/2-1/2

[Event "G5-1 2012"]
[Site "Helsingor"]
[Date "2012.04.07"]
[Round "3"]
[White "Thybo, Jesper Sondergaard"]
[Black "Dreisler, Tobias"]
[Result "1-0"]
[WhiteElo "2029"]
[BlackElo "1760"]
[PlyCount "109"]
[EventDate "2012.??.??"]
[EventCountry "DEN"]
[SourceDate "2014.05.18"]

1. Nf3 d5 2. d4 Nf6 3. c4 e6 4. g3 b6 5. Bg2 Bb7 6. Ne5 Nbd7 7. Qa4 Bd6 8. Nc6
Qc8 9. Nc3 dxc4 10. Qxc4 Nb8 11. O-O Nxc6 12. Bxc6+ Nd7 13. Be3 O-O 14. Ne4 Be7
15. Rac1 Rb8 16. Rc2 Rd8 17. Rfc1 Nf6 18. Bg5 Nd5 19. Bxe7 Nxe7 20. Bxb7 Rxb7
21. Qb4 Nf5 22. e3 Qb8 23. b3 Nd6 24. Ng5 Rd7 25. Qc3 Qd8 26. Nf3 f6 27. Ne1
Kf7 28. Nd3 a5 29. Qc6 Rb8 30. Nf4 Qe7 31. Qxc7 Rb7 32. Qc6 g5 33. Nd3 h5 34.
Nb2 b5 35. Nd3 Kg6 36. Nc5 Rdc7 37. Qg2 Rb8 38. Qf1 Rbc8 39. Qd3+ f5 40. Qd2 b4
41. Qe2 e5 42. d5 h4 43. Ne6 Rxc2 44. Rxc2 hxg3 45. hxg3 Qb7 46. Rxc8 Qxc8 47.
g4 Qc1+ 48. Kg2 f4 49. exf4 exf4 50. Qe5 f3+ 51. Kh2 Ne8 52. Qf5+ Kh6 53. Qf8+
Kh7 54. Qf7+ Kh6 55. Qh5# 1-0

[Event "G5-1 2012"]
[Site "Helsingor"]
[Date "2012.04.07"]
[Round "3"]
[White "Hansen, Rasmus Agertoft"]
[Black "Meldgaard, Frode"]
[Result "1-0"]
[WhiteElo "1810"]
[BlackElo "1961"]
[PlyCount "63"]
[EventDate "2012.??.??"]
[EventCountry "DEN"]
[SourceDate "2014.05.18"]

1. e4 e5 2. Nf3 Nc6 3. Bb5 Nf6 4. O-O Bc5 5. d3 d6 6. c3 a6 7. Ba4 b5 8. Bc2
Bg4 9. h3 Bh5 10. Re1 Qd7 11. Nbd2 g5 12. Nf1 g4 13. hxg4 Nxg4 14. Be3 Rg8 15.
Bxc5 dxc5 16. Ng3 Nf6 17. a4 b4 18. a5 O-O-O 19. Ba4 Qd6 20. Bxc6 Bxf3 21. Qxf3
Qxc6 22. cxb4 cxb4 23. Rec1 Qe6 24. Nf5 Rg4 25. Rc6 Qb3 26. Rxf6 Qxb2 27. Rf1
h5 28. Rxf7 Kb8 29. Ne7 Kb7 30. Qf6 Qa2 31. Nd5 Rxd5 32. Qb6+ 1-0

[Event "G5-1 2012"]
[Site "Helsingor"]
[Date "2012.04.07"]
[Round "3"]
[White "Svendsen, Peter Willer"]
[Black "Hove, Svend Kjems"]
[Result "1-0"]
[WhiteElo "1945"]
[BlackElo "1931"]
[PlyCount "123"]
[EventDate "2012.??.??"]
[EventCountry "DEN"]
[SourceDate "2014.05.18"]

1. d4 c5 2. Nf3 cxd4 3. Nxd4 Nc6 4. g3 Qb6 5. Nb3 f5 6. Bg2 Nf6 7. Nc3 g6 8.
O-O Bg7 9. Bg5 O-O 10. Qd2 Re8 11. Rad1 Ne5 12. Bxf6 exf6 13. Nd5 Qd8 14. Nd4
Kh8 15. Nb5 Rb8 16. Nd6 Rf8 17. h4 h5 18. Nf4 b5 19. e4 fxe4 20. Bxe4 f5 21.
Bg2 Kh7 22. Rfe1 Ba6 23. Qe2 Rb6 24. Rd5 b4 25. Qd1 Ng4 26. Nh3 Nf6 27. Ng5+
Kg8 28. Rd2 Bh6 29. Rd4 Ng4 30. Bd5+ Kg7 31. Rxg4 Rxd6 32. Qd4+ Rdf6 33. Rf4
Re8 34. Rxe8 Qxe8 35. Rf3 Qe1+ 36. Kh2 Be2 37. Ne4 Qh1+ 38. Kxh1 Bxf3+ 39. Kg1
fxe4 40. Bxe4 Bxe4 41. Qxe4 Bd2 42. Qd4 Be1 43. Qxd7+ Rf7 44. Qd4+ Kh7 45. Kg2
Bxf2 46. Qxf2 Rxf2+ 47. Kxf2 a5 48. Ke3 Kh6 49. Kf4 a4 50. c4 Kg7 51. Kg5 b3
52. axb3 axb3 53. c5 Kf7 54. c6 Ke7 55. Kxg6 Kd6 56. Kxh5 Kxc6 57. g4 Kc5 58.
g5 Kd4 59. g6 Kd3 60. g7 Kc2 61. g8=Q Kxb2 62. Qxb3+ 1-0

[Event "G5-1 2012"]
[Site "Helsingor"]
[Date "2012.04.07"]
[Round "3"]
[White "Olesen, Michael J"]
[Black "Petersen, Tom"]
[Result "0-1"]
[WhiteElo "1931"]
[BlackElo "1797"]
[PlyCount "104"]
[EventDate "2012.??.??"]
[EventCountry "DEN"]
[SourceDate "2014.05.18"]

1. Nf3 e6 2. g3 d5 3. Bg2 c5 4. O-O Nc6 5. d4 Nf6 6. b3 cxd4 7. Nxd4 Bc5 8.
Nxc6 bxc6 9. Bb2 O-O 10. Nd2 Qb6 11. c4 Ng4 12. e3 e5 13. h3 Nxf2 14. Rxf2 Bxe3
15. Qe2 Bxf2+ 16. Qxf2 Qxf2+ 17. Kxf2 e4 18. Ke3 Be6 19. Rc1 Rac8 20. Ba3 Rfe8
21. Bc5 Rc7 22. b4 Rd7 23. cxd5 Bxd5 24. a3 f5 25. h4 Be6 26. Bf1 Red8 27. Rc2
h6 28. Nc4 Rd1 29. Be2 R1d3+ 30. Kf4 Bxc4 31. Rxc4 Rd2 32. Bf1 R8d7 33. Rc3 g6
34. Bc4+ Kg7 35. Ke5 Rd1 36. Ke6 Rd8 37. Ke5 Re8+ 38. Kf4 Kf6 39. Bxa7 g5+ 40.
hxg5+ hxg5+ 41. Ke3 Ke5 42. Be2 f4+ 43. gxf4+ gxf4+ 44. Kf2 Rd6 45. Rc5+ Kf6
46. Rh5 Kg6 47. Rh3 Rd2 48. Ke1 Red8 49. Bb6 R8d7 50. Bg4 R7d5 51. Rh8 f3 52.
Be3 Re2+ 0-1

[Event "G5-1 2012"]
[Site "Helsingor"]
[Date "2012.04.07"]
[Round "3"]
[White "Kamstrup, Flemming"]
[Black "Johansen, Johnny Holler"]
[Result "1/2-1/2"]
[WhiteElo "1912"]
[BlackElo "1896"]
[PlyCount "104"]
[EventDate "2012.??.??"]
[EventCountry "DEN"]
[SourceDate "2014.05.18"]

1. e4 e6 2. d4 d5 3. exd5 exd5 4. Nc3 Nf6 5. Bd3 c6 6. h3 Bd6 7. Bg5 Nbd7 8.
Nge2 Qc7 9. Qd2 O-O 10. O-O-O b5 11. g4 Re8 12. Kb1 a5 13. Rde1 a4 14. f3 b4
15. Nd1 Qb6 16. Nc1 Ba6 17. Rxe8+ Rxe8 18. Bxa6 Qxa6 19. Re1 Ra8 20. Ne3 b3 21.
cxb3 axb3 22. axb3 Rb8 23. Nc2 Qb6 24. Bf4 Qc7 25. Bxd6 Qxd6 26. Re3 Nf8 27.
Rc3 Ne6 28. Nd3 Qg3 29. Ne5 c5 30. Nc6 Re8 31. dxc5 Nxc5 32. Qd1 Ne6 33. N6b4
Nf4 34. Re3 Rxe3 35. Nxe3 Qxh3 36. Nbxd5 N6xd5 37. Nxd5 Nxd5 38. Qxd5 Qf1+ 39.
Ka2 Qa6+ 40. Kb1 Qf1+ 41. Kc2 Qf2+ 42. Kc3 Qe3+ 43. Kc4 Qe2+ 44. Kc5 Qe7+ 45.
Kb5 Qe8+ 46. Kb6 Qb8+ 47. Qb7 Qd6+ 48. Ka7 Qc5+ 49. Kb8 Qe5+ 50. Qc7 Qb5+ 51.
Ka7 g6 52. Qd8+ Kg7 1/2-1/2

[Event "G5-1 2012"]
[Site "Helsingor"]
[Date "2012.04.07"]
[Round "3"]
[White "Knudsen, Joachim Holm"]
[Black "Kokholm, Daniel"]
[Result "1-0"]
[WhiteElo "1876"]
[BlackElo "1864"]
[PlyCount "71"]
[EventDate "2012.??.??"]
[EventCountry "DEN"]
[SourceDate "2014.05.18"]

1. d4 Nc6 2. d5 Ne5 3. e4 e6 4. Nf3 Ng6 5. Bd3 e5 6. O-O Bc5 7. Be3 Bxe3 8.
fxe3 Nf6 9. c4 d6 10. h3 c6 11. Nc3 O-O 12. b4 Qb6 13. Qd2 Qxb4 14. Rab1 Qa5
15. Rb2 Qc7 16. Ne2 Bd7 17. Qe1 Be8 18. Ng3 Nd7 19. Nf5 Nc5 20. Bb1 cxd5 21.
cxd5 Qd8 22. Qg3 Qc7 23. h4 h5 24. Ng5 f6 25. Ne6 Nxe6 26. dxe6 Kh7 27. Rc2 Qb6
28. Rfc1 Rg8 29. Kh1 Nf8 30. e7 Ne6 31. Rd2 g6 32. Nxd6 Qb4 33. Qf2 f5 34. exf5
Nc5 35. Nxe8 Raxe8 36. f6 1-0

[Event "G5-1 2012"]
[Site "Helsingor"]
[Date "2012.04.07"]
[Round "3"]
[White "Rasmussen, Morten Fredsgaard"]
[Black "Schmidt, Niels Kim"]
[Result "1-0"]
[WhiteElo "1864"]
[BlackElo "1824"]
[PlyCount "107"]
[EventDate "2012.??.??"]
[EventCountry "DEN"]
[SourceDate "2014.05.18"]

1. d4 d5 2. Nf3 Nf6 3. Bf4 g6 4. e3 Bg7 5. Nbd2 O-O 6. Bd3 Nbd7 7. h3 c5 8. c3
cxd4 9. cxd4 Nh5 10. Bh2 Kh8 11. O-O e6 12. Rc1 f5 13. Bd6 Rf7 14. g4 Nb6 15.
Bc5 fxg4 16. hxg4 Nf6 17. Ng5 Rc7 18. Qf3 Kg8 19. Qg3 Na4 20. Bb6 axb6 21. Rxc7
Ne8 22. Rxg7+ Kxg7 23. Qe5+ Qf6 24. Bb5 Qxe5 25. dxe5 h6 26. Bxe8 hxg5 27. Bxa4
Rxa4 28. Rc1 Ra8 29. Rc7+ Kh6 30. Nb3 b5 31. Nd4 b4 32. Nb5 b6 33. Nd6 Ba6 34.
Nf7+ Kg7 35. Nxg5+ Kg8 36. Nxe6 Bd3 37. a3 Rxa3 38. bxa3 b3 39. Rc1 b2 40. Rd1
b1=Q 41. Rxb1 Bxb1 42. Kg2 Kf7 43. Nd4 Bd3 44. Kg3 Bb1 45. Kf4 Bd3 46. Kg5 Bb1
47. f4 Bd3 48. f5 gxf5 49. gxf5 Bb1 50. e6+ Ke7 51. Nc6+ Ke8 52. f6 Be4 53. f7+
Kf8 54. Kf6 1-0

[Event "G5-1 2012"]
[Site "Helsingor"]
[Date "2012.04.08"]
[Round "4"]
[White "Hove, Svend Kjems"]
[Black "Rasmussen, Morten Fredsgaard"]
[Result "1-0"]
[WhiteElo "1931"]
[BlackElo "1864"]
[PlyCount "105"]
[EventDate "2012.??.??"]
[EventCountry "DEN"]
[SourceDate "2014.05.18"]

1. e4 c6 2. d4 d5 3. Nc3 dxe4 4. Nxe4 Bf5 5. Ng3 Bg6 6. h4 h6 7. h5 Bh7 8. Nf3
Nd7 9. Bc4 e6 10. Bf4 Qa5+ 11. c3 Ngf6 12. Qe2 Nd5 13. Bd2 Qc7 14. Rh4 Bd6 15.
Ne4 Bxe4 16. Qxe4 N7f6 17. Qd3 Bf4 18. g3 Bxd2+ 19. Kxd2 O-O-O 20. a3 c5 21.
Ne5 cxd4 22. cxd4 Qa5+ 23. Ke2 Qb6 24. b4 Rhf8 25. b5 Rd6 26. a4 Qa5 27. Ra3
Nd7 28. Nf3 N5f6 29. Ba2 Kb8 30. Nd2 Nb6 31. Qb1 Rc8 32. Ne4 Nfd5 33. Qb2 Rdd8
34. Nc5 Nd7 35. Nd3 Nc3+ 36. Kf1 Nxa2 37. Qxa2 Rc3 38. Rg4 Nf6 39. Rf4 Rxa3 40.
Qxa3 Qd2 41. Ne5 Rxd4 42. Qf8+ Rd8 43. Qxf7 Qd1+ 44. Kg2 Qd5+ 45. Nf3 e5 46.
Qxd5 Rxd5 47. Rf5 e4 48. Nh4 Rd4 49. Re5 Rxa4 50. Nf5 Nxh5 51. Nd6 Nf6 52. Rc5
a6 53. b6 1-0

[Event "G5-1 2012"]
[Site "Helsingor"]
[Date "2012.04.08"]
[Round "4"]
[White "Kokholm, Daniel"]
[Black "Olesen, Michael J"]
[Result "0-1"]
[WhiteElo "1864"]
[BlackElo "1931"]
[PlyCount "91"]
[EventDate "2012.??.??"]
[EventCountry "DEN"]
[SourceDate "2014.05.18"]

1. d4 Nf6 2. Nc3 d5 3. e4 dxe4 4. f3 c5 5. d5 e6 6. Bb5+ Bd7 7. dxe6 fxe6 8.
Qe2 Be7 9. Bxd7+ Nbxd7 10. Nxe4 Nxe4 11. Qxe4 Qb6 12. a4 Nf6 13. Qe2 O-O 14.
Nh3 Rfe8 15. O-O Nd5 16. a5 Qc6 17. c4 Nb4 18. Bd2 Nc2 19. Rac1 Nd4 20. Qe3 Bf6
21. Bc3 e5 22. Nf2 b6 23. axb6 axb6 24. Ra1 Rxa1 25. Rxa1 Nc2 26. Qc1 Nxa1 27.
Qxa1 b5 28. cxb5 Qxb5 29. Ne4 c4 30. Qd1 Qb6+ 31. Kh1 Rd8 32. Qe2 Qe6 33. h3
Qd5 34. Qf2 Kf7 35. Kh2 Rd7 36. Kh1 Bd8 37. Kh2 Rb7 38. Qe2 Bb6 39. Nd2 Qd3 40.
Qxd3 cxd3 41. Bxe5 Ba5 42. Nc4 d2 43. Ne3 Rb5 44. Bd4 Rd5 45. Bc3 Bxc3 46. bxc3
0-1

[Event "G5-1 2012"]
[Site "Helsingor"]
[Date "2012.04.08"]
[Round "4"]
[White "Thybo, Jesper Sondergaard"]
[Black "Svendsen, Peter Willer"]
[Result "0-1"]
[WhiteElo "2029"]
[BlackElo "1945"]
[PlyCount "64"]
[EventDate "2012.??.??"]
[EventCountry "DEN"]
[SourceDate "2014.05.18"]

1. d4 Nf6 2. Nf3 e6 3. c4 d5 4. g3 Be7 5. Bg2 O-O 6. O-O c5 7. dxc5 dxc4 8. Qc2
Qc7 9. Qxc4 Qxc5 10. Na3 Nc6 11. Bd2 Rd8 12. Rac1 Qh5 13. Rfd1 Bd7 14. Qb3 e5
15. Bc3 e4 16. Nd4 Nxd4 17. Bxd4 Bc6 18. Nc2 Qxe2 19. Bf1 Qh5 20. Nb4 Bxb4 21.
Qxb4 Ng4 22. h4 e3 23. Rc5 exf2+ 24. Bxf2 Ne5 25. Rxd8+ Rxd8 26. Rxc6 bxc6 27.
Qe7 Nf3+ 28. Kg2 Qd5 29. Bc4 Nxh4+ 30. Kh3 Nf5 31. Qc7 Qd7 32. Bxf7+ Kxf7 0-1

[Event "G5-1 2012"]
[Site "Helsingor"]
[Date "2012.04.08"]
[Round "4"]
[White "Petersen, Tom"]
[Black "Hansen, Rasmus Agertoft"]
[Result "0-1"]
[WhiteElo "1797"]
[BlackElo "1810"]
[PlyCount "98"]
[EventDate "2012.??.??"]
[EventCountry "DEN"]
[SourceDate "2014.05.18"]

1. d4 e6 2. Nf3 f5 3. Bf4 Nf6 4. e3 Be7 5. c4 O-O 6. Nc3 d6 7. h3 b6 8. Be2 Qe8
9. b4 h6 10. Qb3 Bb7 11. c5 Nd5 12. Nxd5 Bxd5 13. Bc4 Bxc4 14. Qxc4 d5 15. Qb3
Bd8 16. a4 Nc6 17. Ne5 g5 18. Bh2 bxc5 19. dxc5 Bf6 20. f4 Bxe5 21. fxe5 Rb8
22. b5 Na5 23. Qc3 Nc4 24. O-O Qh5 25. Rab1 Qh4 26. a5 Qe4 27. Rfe1 Rf7 28. a6
Rg7 29. Qd4 Qxd4 30. exd4 Na3 31. Rb2 Nxb5 32. Reb1 c6 33. Kf2 Rf8 34. Ke3 f4+
35. Kd3 h5 36. Rf1 Rgf7 37. Rbf2 Nc7 38. h4 gxh4 39. Rxf4 Rxf4 40. Rxf4 Rxf4
41. Bxf4 Nxa6 42. Kc3 Kf7 43. Bg5 Nc7 44. Bxh4 Kg6 45. Kb4 Kf5 46. Ka5 Ke4 47.
Bf2 Kd3 48. Bg1 Kc4 49. Bf2 Nb5 0-1